书目信息 |
| 题名: |
考研数学复习指南·理工类
|
|
| 作者: | 陈文登 , 黄先开 主编 | |
| 分册: | ||
| 出版信息: | 北京 世界图书出版公司 2003.02 |
|
| 页数: | 625页 | |
| 开本: | 26cm | |
| 丛书名: | ||
| 单 册: | ||
| 中图分类: | O31-62 | |
| 科图分类: | ||
| 主题词: | 理论力学 , 一般力学 | |
| 电子资源: | ||
| ISBN: | 7-5062-5211-2 | |
| 000 | 00758nam0 2200229 45 | |
| 001 | 1131932261 | |
| 005 | 20110617140916.50 | |
| 010 | @a7-5062-5211-2@dCNY 49.80 | |
| 100 | @a20040309d2003 km y0chiy0120 ea | |
| 101 | 0 | @achi |
| 102 | @aCN@b110000 | |
| 200 | 1 | @a考研数学复习指南·理工类@Akao yan shu xue fu xi zhi nan·li gong lei@e2007年网络链接版@f陈文登,黄先开主编@FChen Wen Deng,Huang Xian Kai Zhu Bian |
| 210 | @a北京@c世界图书出版公司@d2003.02 | |
| 215 | @a625页@d26cm | |
| 517 | 1 | @a2007年网络链接版@A2007 nian wang luo lian jie ban |
| 606 | 0 | @a理论力学 |
| 606 | 0 | @a一般力学 |
| 690 | @aO31-62@v3 | |
| 701 | 0 | @a陈文登@AChen Wen Deng@4主编 |
| 701 | 0 | @a黄先开@AHuang Xian Kai@4主编 |
| 801 | 0 | @aCN@bPFT@c20110617 |
| 905 | @a10447@dO31-62@eC580 | |
| 考研数学复习指南·理工类:2007年网络链接版/陈文登,黄先开主编.-北京:世界图书出版公司,2003.02 |
| 625页;26cm |
| ISBN 7-5062-5211-2:CNY 49.80 |
| ● |
| 相关链接 |
|
|
|
正题名:考研数学复习指南·理工类
索取号:O31-62/C580
 
预约/预借
| 序号 | 登录号 | 条形码 | 馆藏地/架位号 | 状态 | 备注 |
| 1 | 465615 | 204656158 | 自科库401/401自科库 82排1列3层/ [索取号:O31-62/C580] | 在馆 |